| 000 | 00583nam a2200217Ia 4500 | ||
|---|---|---|---|
| 005 | 20231116130703.0 | ||
| 008 | 131103s9999 xx 000 0 und d | ||
| 020 |
_a8190230603 _cRs.60 |
||
| 040 | _aLoreto College | ||
| 041 | _aEnglish | ||
| 082 |
_a327 _bCHA |
||
| 100 | _aChakravarty, Rangan | ||
| 245 |
_aBishay bishwayan _cRangan Chakravarty; illustrated by Amitabha Malakar |
||
| 260 |
_aCalcutta _bAlap _c2004 |
||
| 300 | _a102p | ||
| 650 | _aInternational Relation | ||
| 651 | _aGlobalization | ||
| 700 | _aMalakar, Amitabha,illus. | ||
| 850 | _aLCLIB | ||
| 942 | _cBK | ||
| 999 |
_c17267 _d67746 |
||